| Tag |
First Indicator |
Second Indicator |
Subfields |
| LEADER |
00000cam a2200000 a 4500 |
| 001 |
in00001306151 |
| 005 |
20151005052628.0 |
| 008 |
951221s1996 enka b 001 0 eng |
| 010 |
|
|
|a 95051545
|
| 020 |
|
|
|a 3540760067 (pbk. : alk. paper)
|
| 035 |
|
|
|a (OCoLC)33967412
|
| 035 |
|
|
|9 AHB1529AM
|
| 040 |
|
|
|a DLC
|c DLC
|d TXA
|d UtOrBLW
|
| 049 |
|
|
|a TXAM
|
| 050 |
0 |
0 |
|a TA168
|b .M217 1996
|
| 082 |
0 |
0 |
|a 620/.001/1
|2 20
|
| 100 |
1 |
|
|a Macaulay, Linda.
|
| 245 |
1 |
0 |
|a Requirements engineering /
|c Linda A. Macaulay.
|
| 264 |
|
1 |
|a London ;
|a New York :
|b Springer,
|c [1996]
|
| 264 |
|
4 |
|c ©1996
|
| 300 |
|
|
|a xiii, 202 pages :
|b illustrations ;
|c 24 cm.
|
| 336 |
|
|
|a text
|b txt
|2 rdacontent
|
| 337 |
|
|
|a unmediated
|b n
|2 rdamedia
|
| 338 |
|
|
|a volume
|b nc
|2 rdacarrier
|
| 490 |
1 |
|
|a Applied computing
|
| 504 |
|
|
|a Includes bibliographical references (pages 191-197) and indexes.
|
| 650 |
|
0 |
|a Systems engineering.
|
| 650 |
|
0 |
|a System analysis.
|
| 650 |
|
0 |
|a System failures (Engineering)
|
| 830 |
|
0 |
|a Applied computing.
|
| 999 |
|
|
|a MARS
|
| 999 |
f |
f |
|s 407a91be-48ab-3a6c-9d41-d29e667b1b47
|i 481bbbce-83c9-336f-806b-80d1355ad24e
|t 0
|
| 952 |
f |
f |
|p ric
|a Texas A&M University
|b Rellis Campus
|c Joint Library Facility
|d Remote Storage
|t 0
|e TA168 .M217 1996
|h Library of Congress classification
|i unmediated -- volume
|m A14820094505
|
| 998 |
f |
f |
|a TA168 .M217 1996
|t 0
|l Remote Storage
|